000 00787nam a2200193Ia 4500
999 _c30854
_d30854
003 GCL
005 20240530102236.0
008 140319s9999 xx 000 0 ara d
040 _aGCL /
_cGCL
082 0 4 _a239
_bح أ
100 1 _aالحيانى ، ابو محمد عبدالله بن محمد بن جعفر بن حيان الاصفهانى
245 1 0 _aاخلاق النبى وادابة /
_cالحيانى ، ابو محمد عبدالله بن محمد بن جعفر بن حيان الاصفهانى
260 _a[S.N] :
_bالدار المصرية اللبنانية ،
_c1993
300 _a350 ص
650 0 4 _aالسيرة النبوية
650 0 4 _aالاخلاق الاسلامية
700 1 _aعصام الدين الطبايطى
_eمحقق
942 _2ddc
_cBK